Johnny Cash - I Walk the Line Lyrics Quiz - Statistics

General Stats
  • This quiz has been taken 51 times
  • The average score is 132 of 173
Answer Stats
Answer % Correct
I
100%
line
100%
the
100%
walk
100%
be
94%
mine
94%
you
94%
your
94%
a
92%
this
89%
all
86%
because
86%
it
86%
my
86%
of
86%
on
86%
you're
86%
for
83%
time
83%
and
81%
heart
81%
keep
81%
watch
81%
close
78%
eyes
78%
open
78%
that
78%
wide
78%
day
75%
to
75%
is
72%
as
69%
night
69%
mind
67%
binds
61%
dark
61%
I'll
61%
I'm
61%
its
61%
light
61%
out
61%
tie
61%
when
61%
both
58%
fool
56%
right
56%
true
56%
easy
53%
ends
53%
find
53%
myself
53%
through
53%
very
53%
admit
50%
each
50%
me
50%
tide
50%
love
47%
sure
47%
alone
44%
cause
44%
even
44%
happiness
44%
yes
44%
side
42%
I've
39%
proves
39%
try
39%
turn
39%
cant
36%
I'd
33%
You've
33%
got
31%
hide
31%
known
31%
way
31%
give
28%
times
17%
No matching quizzes found
Score Distribution
Percent of People with Each Score
Percentile by Number Answered
Your Score History
You have not taken this quiz